[Event "U12 Blitz"]
[Site "austriaU12b"]
[Date "2020.12.11"]
[Round "3"]
[White "Maier Tobias"]
[Black "Feroe09"]
[Result "0-1"]
[WhiteElo "1480"]
[BlackElo "1480"]
[Annotator "NA RC"]
[PlyCount "78"]
[EventDate "2020.12.11"]
[EventType "blitz"]

1. e4 {[%emt 0:00:05]} e5 {[%emt 0:00:01]} 2. Nf3 {[%emt 0:00:02]} Nc6 {[%emt 0:00:01]} 3. Bc4 {[%emt 0:00:02]} Bc5 {[%emt 0:00:01]} 4. d3 {[%emt 0:00:01]} Nf6 {[%emt 0:00:01]} 5. Bg5 {[%emt 0:00:02]} h6 {[%emt 0:00:01]} 6. Bh4 {[%emt 0:00:03]} d6 {[%emt 0:00:02]} 7. Nc3 {[%emt 0:00:01]} Bg4 {[%emt 0:00:02]} 8. Bxf6 {[%emt 0:00:06]} Qxf6 {[%emt 0:00:12]} 9. Nd5 {[%emt 0:00:02]} Qd8 {[%emt 0:00:05]} 10. c3 {[%emt 0:00:08]} O-O {[%emt 0:00:08]} 11. h3 {[%emt 0:00:08]} Bh5 {[%emt 0:00:03]} 12. b4 {[%emt 0:00:03]} Bb6 {[%emt 0:00:04]} 13. O-O {[%emt 0:00:08]} a6 {[%emt 0:00:06]} 14. a4 {[%emt 0:00:06]} Ba7 {[%emt 0:00:03]} 15. g4 {[%emt 0:00:43]} Bg6 {[%emt 0:00:04]} 16. Kg2 {[%emt 0:00:02]} Ne7 {[%emt 0:00:10]} 17. Ne3 {[%emt 0:00:12]} Bxe3 {[%emt 0:00:03]} 18. fxe3 {[%emt 0:00:02]} Bh7 {[%emt 0:00:07]} 19. Qb3 {[%emt 0:00:26]} c6 {[%emt 0:00:19]} 20. Qa2 {[%emt 0:00:22]} d5 {[%emt 0:00:03]} 21. exd5 {[%emt 0:00:19]} cxd5 {[%emt 0:00:00]} 22. Bb3 {[%emt 0:00:01]} Bxd3 {[%emt 0:00:03]} 23. Nxe5 {[%emt 0:00:02]} Bxf1+ {[%emt 0:00:04]} 24. Rxf1 {[%emt 0:00:00]} f6 {[%emt 0:00:09]} 25. Nd3 {[%emt 0:00:10]} Kh8 {[%emt 0:00:03]} 26. e4 {[%emt 0:00:03]} dxe4 {[%emt 0:00:07]} 27. Nc5 {[%emt 0:00:04]} e3 {[%emt 0:00:10]} 28. Ne4 {[%emt 0:00:22]} Qd3 {[%emt 0:00:18]} 29. Bc2 {[%emt 0:00:06]} Qe2+ {[%emt 0:00:18]} 30. Kg1 {[%emt 0:00:04]} Rae8 {[%emt 0:00:15]} 31. Qb3 {[%emt 0:00:06]} Ng6 {[%emt 0:00:05]} 32. Ng3 {[%emt 0:00:02]} Qxf1+ {[%emt 0:00:21]} 33. Kxf1 {[%emt 0:00:02]} e2+ {[%emt 0:00:01]} 34. Ke1 {[%emt 0:00:01]} Nf4 {[%emt 0:00:02]} 35. Qb2 {[%emt 0:00:04]} Ng2+ {[%emt 0:00:03]} 36. Kf2 {[%emt 0:00:03]} e1=Q+ {[%emt 0:00:02]} 37. Kxg2 {[%emt 0:00:01]} Qd2+ {[%emt 0:00:09]} 38. Kh1 {[%emt 0:00:03]} Re1+ {[%emt 0:00:06]} 39. Nf1 {[%emt 0:00:03]} Rxf1# {[%emt 0:00:00] Mate Mate} 0-1

[Event "U12 Blitz"]
[Site "austriaU12b"]
[Date "2020.12.11"]
[Round "4"]
[White "Ppe1968"]
[Black "Peter Balint"]
[Result "1-0"]
[WhiteElo "1900"]
[BlackElo "1785"]
[Annotator "NA RC"]
[PlyCount "133"]
[EventDate "2020.12.11"]
[EventType "blitz"]

1. d4 {[%emt 0:00:07]} Nf6 {[%emt 0:00:01]} 2. Nf3 {[%emt 0:00:01]} g6 {[%emt 0:00:02]} 3. g3 {[%emt 0:00:01]} d5 {[%emt 0:00:01]} 4. c4 {[%emt 0:00:02]} Bg7 {[%emt 0:00:01]} 5. Bg2 {[%emt 0:00:02]} O-O {[%emt 0:00:02]} 6. O-O {[%emt 0:00:00]} c5 {[%emt 0:00:01]} 7. cxd5 {[%emt 0:00:03]} Nxd5 {[%emt 0:00:03]} 8. dxc5 {[%emt 0:00:01]} Na6 {[%emt 0:00:02]} 9. e4 {[%emt 0:00:01]} Nf6 {[%emt 0:00:04]} 10. Nc3 {[%emt 0:00:01]} Nxc5 {[%emt 0:00:02]} 11. e5 {[%emt 0:00:21]} Nfd7 {[%emt 0:00:07]} 12. Be3 {[%emt 0:00:03]} Ne6 {[%emt 0:00:02]} 13. Qd5 {[%emt 0:00:21]} Nc7 {[%emt 0:00:12]} 14. Qe4 {[%emt 0:00:07]} f5 {[%emt 0:00:11]} 15. Qc4+ {[%emt 0:00:13]} Kh8 {[%emt 0:00:14]} 16. Rfd1 {[%emt 0:00:10]} e6 {[%emt 0:00:05]} 17. Bg5 {[%emt 0:00:04]} Nxe5 {[%emt 0:00:17]} 18. Nxe5 {[%emt 0:00:24]} Qxg5 {[%emt 0:00:06]} 19. Qxc7 {[%emt 0:00:01]} Qf6 {[%emt 0:00:14]} 20. Nf3 {[%emt 0:00:12]} h6 {[%emt 0:00:13]} 21. Rd2 {[%emt 0:00:03]} Kh7 {[%emt 0:00:02]} 22. Rad1 {[%emt 0:00:02]} g5 {[%emt 0:00:14]} 23. Rd8 {[%emt 0:00:13]} Qf7 {[%emt 0:00:23]} 24. Qxf7 {[%emt 0:00:09]} Rxf7 {[%emt 0:00:02]} 25. Re8 {[%emt 0:00:04]} Bf6 {[%emt 0:00:13]} 26. Nb5 {[%emt 0:00:18]} a6 {[%emt 0:00:18]} 27. Nbd4 {[%emt 0:00:09]} Re7 {[%emt 0:00:13]} 28. Rxe7+ {[%emt 0:00:14]} Bxe7 {[%emt 0:00:00]} 29. Rc1 {[%emt 0:00:02]} Bd6 {[%emt 0:00:05]} 30. Rd1 {[%emt 0:00:09]} Bb8 {[%emt 0:00:02]} 31. Nb3 {[%emt 0:00:02]} Bc7 {[%emt 0:00:04]} 32. Rc1 {[%emt 0:00:02]} Bb8 {[%emt 0:00:01]} 33. Nfd4 {[%emt 0:00:03]} Bd7 {[%emt 0:00:08]} 34. Nc5 {[%emt 0:00:09]} Be8 {[%emt 0:00:04]} 35. Ncxe6 {[%emt 0:00:01]} Be5 {[%emt 0:00:02]} 36. Nxf5 {[%emt 0:00:04]} Bd7 {[%emt 0:00:04]} 37. Ned4 {[%emt 0:00:03]} Re8 {[%emt 0:00:06]} 38. Re1 {[%emt 0:00:05]} h5 {[%emt 0:00:08]} 39. Be4 {[%emt 0:00:03]} Kg8 {[%emt 0:00:02]} 40. Bc2 {[%emt 0:00:01]} Bxd4 {[%emt 0:00:01]} 41. Rxe8+ {[%emt 0:00:01]} Bxe8 {[%emt 0:00:00]} 42. Nxd4 {[%emt 0:00:01]} Bd7 {[%emt 0:00:02]} 43. Bb3+ {[%emt 0:00:00]} Kg7 {[%emt 0:00:01]} 44. Ne6+ {[%emt 0:00:00]} Kf6 {[%emt 0:00:01]} 45. Nc5 {[%emt 0:00:01]} Bc6 {[%emt 0:00:01]} 46. Kf1 {[%emt 0:00:01]} g4 {[%emt 0:00:02]} 47. Nd3 {[%emt 0:00:03]} Bf3 {[%emt 0:00:02]} 48. Nf4 {[%emt 0:00:01]} Kg5 {[%emt 0:00:01]} 49. Bd5 {[%emt 0:00:01]} Bxd5 {[%emt 0:00:07]} 50. Nxd5 {[%emt 0:00:01]} a5 {[%emt 0:00:02]} 51. Nc3 {[%emt 0:00:02]} h4 {[%emt 0:00:01]} 52. gxh4+ {[%emt 0:00:01]} Kxh4 {[%emt 0:00:00]} 53. Kg2 {[%emt 0:00:00]} Kg5 {[%emt 0:00:01]} 54. Kg3 {[%emt 0:00:00]} Kf5 {[%emt 0:00:00]} 55. f3 {[%emt 0:00:01]} gxf3 {[%emt 0:00:01]} 56. Kxf3 {[%emt 0:00:00]} Kg5 {[%emt 0:00:00]} 57. Kg3 {[%emt 0:00:02]} Kf6 {[%emt 0:00:02]} 58. h4 {[%emt 0:00:00]} Ke5 {[%emt 0:00:00]} 59. Kg4 {[%emt 0:00:01]} Kf6 {[%emt 0:00:00]} 60. h5 {[%emt 0:00:01]} Kg7 {[%emt 0:00:00]} 61. Kg5 {[%emt 0:00:00]} Kf7 {[%emt 0:00:00]} 62. h6 {[%emt 0:00:01]} Kg8 {[%emt 0:00:00]} 63. Kg6 {[%emt 0:00:00]} Kh8 {[%emt 0:00:00]} 64. Ne4 {[%emt 0:00:06]} Kg8 {[%emt 0:00:00]} 65. h7+ {[%emt 0:00:01]} Kh8 {[%emt 0:00:05]} 66. Ng5 {[%emt 0:00:01]} a4 {[%emt 0:00:00]} 67. Nf7# {[%emt 0:00:01] (Lag: Av=0.27s, max=1.0s) Mate} 1-0

[Event "U12 Blitz"]
[Site "austriaU12b"]
[Date "2020.12.11"]
[Round "4"]
[White "Julian17"]
[Black "Engal"]
[Result "1-0"]
[WhiteElo "1794"]
[BlackElo "1745"]
[Annotator "NA RC"]
[PlyCount "65"]
[EventDate "2020.12.11"]
[EventType "blitz"]

1. e4 {[%emt 0:00:02]} c5 {[%emt 0:00:03]} 2. Nf3 {[%emt 0:00:01]} d6 {[%emt 0:00:01]} 3. d4 {[%emt 0:00:01]} cxd4 {[%emt 0:00:01]} 4. Nxd4 {[%emt 0:00:00]} Nf6 {[%emt 0:00:01]} 5. Nc3 {[%emt 0:00:01]} a6 {[%emt 0:00:01]} 6. h3 {[%emt 0:00:03]} e5 {[%emt 0:00:14]} 7. Nb3 {[%emt 0:00:02]} Be7 {[%emt 0:00:02]} 8. Be3 {[%emt 0:00:02]} O-O {[%emt 0:00:02]} 9. Qe2 {[%emt 0:00:07]} Be6 {[%emt 0:00:07]} 10. O-O-O {[%emt 0:00:07]} Nbd7 {[%emt 0:00:34]} 11. f4 {[%emt 0:00:02]} Rc8 {[%emt 0:00:19]} 12. f5 {[%emt 0:00:12]} Bc4 {[%emt 0:00:10]} 13. Qf2 {[%emt 0:00:07]} b5 {[%emt 0:00:04]} 14. g4 {[%emt 0:00:02]} b4 {[%emt 0:00:07]} 15. g5 {[%emt 0:00:07]} bxc3 {[%emt 0:00:12]} 16. gxf6 {[%emt 0:00:03]} cxb2+ {[%emt 0:00:03]} 17. Kxb2 {[%emt 0:00:12]} Bxf6 {[%emt 0:00:08]} 18. Rxd6 {[%emt 0:00:09]} Qc7 {[%emt 0:00:16]} 19. Rd1 {[%emt 0:00:25]} a5 {[%emt 0:00:38]} 20. Bxc4 {[%emt 0:00:03]} Qxc4 {[%emt 0:00:07]} 21. Rxd7 {[%emt 0:00:06]} a4 {[%emt 0:00:14]} 22. Rd3 {[%emt 0:00:34]} axb3 {[%emt 0:00:08]} 23. axb3 {[%emt 0:00:03]} Qxe4 {[%emt 0:00:03]} 24. Ra1 {[%emt 0:00:07]} Rfd8 {[%emt 0:00:04]} 25. Ra4 {[%emt 0:00:06]} Qc6 {[%emt 0:00:03]} 26. Rc4 {[%emt 0:00:09]} e4+ {[%emt 0:00:02]} 27. Bd4 {[%emt 0:00:09]} Bxd4+ {[%emt 0:00:04]} 28. Rdxd4 {[%emt 0:00:03]} Qb6 {[%emt 0:00:03]} 29. Rxd8+ {[%emt 0:00:11]} Qxd8 {[%emt 0:00:05]} 30. Rxe4 {[%emt 0:00:09]} Qd5 {[%emt 0:00:02]} 31. Qd4 {[%emt 0:00:12]} Rd8 {[%emt 0:00:01]} 32. Qxd5 {[%emt 0:00:02]} Rxd5 {[%emt 0:00:00]} 33. Re8# {[%emt 0:00:01] Mate Mate} 1-0

[Event "U12 Blitz"]
[Site "austriaU12b"]
[Date "2020.12.11"]
[Round "4"]
[White "SimonG08"]
[Black "AdrianFischer"]
[Result "1/2-1/2"]
[WhiteElo "1790"]
[BlackElo "1632"]
[Annotator "NA RC"]
[PlyCount "80"]
[EventDate "2020.12.11"]
[EventType "blitz"]

1. e4 {[%emt 0:00:03]} c5 {[%emt 0:00:02]} 2. Nc3 {[%emt 0:00:04]} d6 {[%emt 0:00:04]} 3. d3 {[%emt 0:00:02]} Nc6 {[%emt 0:00:05]} 4. Bd2 {[%emt 0:00:03]} Nf6 {[%emt 0:00:02]} 5. f4 {[%emt 0:00:04]} e6 {[%emt 0:00:02]} 6. g3 {[%emt 0:00:08]} Be7 {[%emt 0:00:04]} 7. Bg2 {[%emt 0:00:02]} O-O {[%emt 0:00:02]} 8. Nf3 {[%emt 0:00:03]} b6 {[%emt 0:00:06]} 9. O-O {[%emt 0:00:02]} Bb7 {[%emt 0:00:02]} 10. Ne2 {[%emt 0:00:08]} d5 {[%emt 0:00:04]} 11. e5 {[%emt 0:00:01]} Nd7 {[%emt 0:00:02]} 12. h3 {[%emt 0:00:10]} f6 {[%emt 0:00:12]} 13. exf6 {[%emt 0:00:05]} Bxf6 {[%emt 0:00:03]} 14. Bc3 {[%emt 0:00:03]} d4 {[%emt 0:00:03]} 15. Bd2 {[%emt 0:00:03]} Ne7 {[%emt 0:00:03]} 16. g4 {[%emt 0:00:28]} Nd5 {[%emt 0:00:15]} 17. Ng3 {[%emt 0:00:16]} Bh4 {[%emt 0:00:05]} 18. Ne2 {[%emt 0:00:09]} Be7 {[%emt 0:00:04]} 19. Qc1 {[%emt 0:00:09]} Qc7 {[%emt 0:00:05]} 20. c4 {[%emt 0:00:12]} N5f6 {[%emt 0:00:08]} 21. Ng3 {[%emt 0:00:15]} Rab8 {[%emt 0:00:22]} 22. Ng5 {[%emt 0:00:14]} Qc8 {[%emt 0:00:26]} 23. N5e4 {[%emt 0:00:09]} Nxe4 {[%emt 0:00:07]} 24. Bxe4 {[%emt 0:00:10]} Bh4 {[%emt 0:00:09]} 25. Bxb7 {[%emt 0:00:04]} Qxb7 {[%emt 0:00:04]} 26. Ne4 {[%emt 0:00:01]} Nf6 {[%emt 0:00:09]} 27. Be1 {[%emt 0:00:21]} Bxe1 {[%emt 0:00:08]} 28. Qxe1 {[%emt 0:00:02]} Nxe4 {[%emt 0:00:03]} 29. Qxe4 {[%emt 0:00:01]} Qxe4 {[%emt 0:00:02]} 30. dxe4 {[%emt 0:00:00]} Rbd8 {[%emt 0:00:04]} 31. Rad1 {[%emt 0:00:02]} d3 {[%emt 0:00:02]} 32. Rd2 {[%emt 0:00:01]} Rd4 {[%emt 0:00:02]} 33. Kg2 {[%emt 0:00:18]} Rxe4 {[%emt 0:00:07]} 34. Rxd3 {[%emt 0:00:04]} Rexf4 {[%emt 0:00:05]} 35. Rxf4 {[%emt 0:00:01]} Rxf4 {[%emt 0:00:02]} 36. Rd8+ {[%emt 0:00:01]} Rf8 {[%emt 0:00:02]} 37. Rd7 {[%emt 0:00:01]} Rf7 {[%emt 0:00:01]} 38. Rd8+ {[%emt 0:00:01]} Rf8 {[%emt 0:00:02]} 39. Rd7 {[%emt 0:00:01] SimonG08 offers a draw} Rf7 {[%emt 0:00:29]} 40. Rd8+ {[%emt 0:00:01]} Rf8 {[%emt 0:00:02] Threefold Rep Threefold Rep} 1/2-1/2

[Event "U12 Blitz"]
[Site "austriaU12b"]
[Date "2020.12.11"]
[Round "4"]
[White "Viktor09"]
[Black "Schaf2009"]
[Result "0-1"]
[WhiteElo "1733"]
[BlackElo "1698"]
[Annotator "NA RC"]
[PlyCount "64"]
[EventDate "2020.12.11"]
[EventType "blitz"]

1. e4 {[%emt 0:00:03]} c6 {[%emt 0:00:02]} 2. d4 {[%emt 0:00:02]} d5 {[%emt 0:00:03]} 3. exd5 {[%emt 0:00:01]} cxd5 {[%emt 0:00:01]} 4. c4 {[%emt 0:00:00]} Nf6 {[%emt 0:00:02]} 5. Nc3 {[%emt 0:00:02]} e6 {[%emt 0:00:01]} 6. Bg5 {[%emt 0:00:02]} Nc6 {[%emt 0:00:15]} 7. Nf3 {[%emt 0:00:04]} Be7 {[%emt 0:00:04]} 8. c5 {[%emt 0:00:02]} O-O {[%emt 0:00:10]} 9. Be2 {[%emt 0:00:06]} h6 {[%emt 0:00:12]} 10. Bf4 {[%emt 0:00:11]} Nh5 {[%emt 0:00:18]} 11. Bg3 {[%emt 0:00:10]} Nxg3 {[%emt 0:00:04]} 12. fxg3 {[%emt 0:00:00]} Bd7 {[%emt 0:00:16]} 13. O-O {[%emt 0:00:02]} b6 {[%emt 0:00:02]} 14. cxb6 {[%emt 0:00:05]} Qxb6 {[%emt 0:00:04]} 15. b3 {[%emt 0:00:17]} Bf6 {[%emt 0:00:16]} 16. Kh1 {[%emt 0:00:50]} Nxd4 {[%emt 0:00:19]} 17. Nxd4 {[%emt 0:00:03]} Bxd4 {[%emt 0:00:03]} 18. Na4 {[%emt 0:00:01]} Bxa4 {[%emt 0:00:02]} 19. bxa4 {[%emt 0:00:07]} Bxa1 {[%emt 0:00:02]} 20. Qxa1 {[%emt 0:00:01]} Rab8 {[%emt 0:00:06]} 21. a3 {[%emt 0:00:41]} Qb2 {[%emt 0:00:03]} 22. Qxb2 {[%emt 0:00:10]} Rxb2 {[%emt 0:00:03]} 23. Bb5 {[%emt 0:00:02]} Rc8 {[%emt 0:00:02]} 24. h3 {[%emt 0:00:02]} Rcc2 {[%emt 0:00:02]} 25. Bd3 {[%emt 0:00:07]} Rxg2 {[%emt 0:00:03]} 26. Rc1 {[%emt 0:00:02]} g6 {[%emt 0:00:14]} 27. Rc8+ {[%emt 0:00:07]} Kg7 {[%emt 0:00:02]} 28. Rc7 {[%emt 0:00:05]} Rxg3 {[%emt 0:00:06]} 29. Bf1 {[%emt 0:00:07]} Rb1 {[%emt 0:00:05]} 30. Kh2 {[%emt 0:00:04]} Rxa3 {[%emt 0:00:05]} 31. Bb5 {[%emt 0:00:03]} Rb2+ {[%emt 0:00:05]} 32. Kg1 {[%emt 0:00:03]} Ra1+ {[%emt 0:00:02] Viktor09 resigns} 0-1

[Event "U12 Blitz"]
[Site "austriaU12b"]
[Date "2020.12.11"]
[Round "4"]
[White "Robert_III"]
[Black "Wimmer Michael"]
[Result "0-1"]
[WhiteElo "1709"]
[BlackElo "1683"]
[Annotator "NA RC"]
[PlyCount "110"]
[EventDate "2020.12.11"]
[EventType "blitz"]

1. e4 {[%emt 0:00:03]} e5 {[%emt 0:00:01]} 2. Nf3 {[%emt 0:00:01]} Nc6 {[%emt 0:00:02]} 3. d4 {[%emt 0:00:01]} exd4 {[%emt 0:00:01]} 4. Nxd4 {[%emt 0:00:02]} Nf6 {[%emt 0:00:02]} 5. Nxc6 {[%emt 0:00:01]} bxc6 {[%emt 0:00:02]} 6. e5 {[%emt 0:00:01]} Qe7 {[%emt 0:00:02]} 7. Qe2 {[%emt 0:00:01]} Nd5 {[%emt 0:00:02]} 8. c4 {[%emt 0:00:01]} Nb6 {[%emt 0:00:02]} 9. Nd2 {[%emt 0:00:05]} d6 {[%emt 0:00:08]} 10. Nf3 {[%emt 0:00:19]} Bg4 {[%emt 0:00:19]} 11. Bg5 {[%emt 0:00:31]} Bxf3 {[%emt 0:00:22]} 12. Bxe7 {[%emt 0:00:07]} Bxe2 {[%emt 0:00:03]} 13. Bxf8 {[%emt 0:00:11]} Bxf1 {[%emt 0:00:06]} 14. Bxg7 {[%emt 0:00:03]} Bxg2 {[%emt 0:00:16]} 15. Rg1 {[%emt 0:00:05]} Rg8 {[%emt 0:00:23]} 16. Rxg2 {[%emt 0:00:03]} Nxc4 {[%emt 0:00:12]} 17. exd6 {[%emt 0:00:04]} Nxd6 {[%emt 0:00:06]} 18. Rg5 {[%emt 0:00:31]} O-O-O {[%emt 0:00:21]} 19. O-O-O {[%emt 0:00:04]} Ne4 {[%emt 0:00:23]} 20. Rxd8+ {[%emt 0:00:14]} Kxd8 {[%emt 0:00:12]} 21. Rg4 {[%emt 0:00:15]} f5 {[%emt 0:00:05]} 22. Rg1 {[%emt 0:00:05]} Ke8 {[%emt 0:00:09]} 23. f3 {[%emt 0:00:04]} Kf7 {[%emt 0:00:22]} 24. fxe4 {[%emt 0:00:12]} Rxg7 {[%emt 0:00:02]} 25. Rf1 {[%emt 0:00:01]} Rg5 {[%emt 0:00:02]} 26. Kd2 {[%emt 0:00:04]} Ke6 {[%emt 0:00:02]} 27. exf5+ {[%emt 0:00:05]} Rxf5 {[%emt 0:00:01]} 28. Rg1 {[%emt 0:00:04]} Rf2+ {[%emt 0:00:02]} 29. Kc3 {[%emt 0:00:02]} Rxh2 {[%emt 0:00:02]} 30. Rg7 {[%emt 0:00:03]} Kd6 {[%emt 0:00:02]} 31. a4 {[%emt 0:00:04]} Rh4 {[%emt 0:00:03]} 32. a5 {[%emt 0:00:04]} h5 {[%emt 0:00:06]} 33. Rg6+ {[%emt 0:00:04]} Kc5 {[%emt 0:00:01]} 34. Rh6 {[%emt 0:00:03]} a6 {[%emt 0:00:02]} 35. b3 {[%emt 0:00:11]} Rh3+ {[%emt 0:00:01]} 36. Kc2 {[%emt 0:00:01]} Kb5 {[%emt 0:00:02]} 37. Kb2 {[%emt 0:00:06]} c5 {[%emt 0:00:01]} 38. Ka3 {[%emt 0:00:04]} c4 {[%emt 0:00:03]} 39. Kb2 {[%emt 0:00:04]} cxb3 {[%emt 0:00:04]} 40. Ka3 {[%emt 0:00:02]} Kxa5 {[%emt 0:00:04]} 41. Rh7 {[%emt 0:00:02]} c5 {[%emt 0:00:02]} 42. Kb2 {[%emt 0:00:02]} c4 {[%emt 0:00:05]} 43. Re7 {[%emt 0:00:04]} h4 {[%emt 0:00:01]} 44. Re5+ {[%emt 0:00:02]} Kb4 {[%emt 0:00:02]} 45. Re8 {[%emt 0:00:01]} Rh2+ {[%emt 0:00:01]} 46. Kb1 {[%emt 0:00:02]} Kc3 {[%emt 0:00:01]} 47. Re3+ {[%emt 0:00:02]} Kb4 {[%emt 0:00:01]} 48. Re4 {[%emt 0:00:02]} Ka3 {[%emt 0:00:02]} 49. Kc1 {[%emt 0:00:03]} b2+ {[%emt 0:00:02]} 50. Kd1 {[%emt 0:00:04]} Rh1+ {[%emt 0:00:01]} 51. Ke2 {[%emt 0:00:01]} b1=Q {[%emt 0:00:02]} 52. Re3+ {[%emt 0:00:02]} Kb4 {[%emt 0:00:01]} 53. Re8 {[%emt 0:00:03]} Qb3 {[%emt 0:00:02]} 54. Rb8+ {[%emt 0:00:03]} Ka3 {[%emt 0:00:01]} 55. Rxb3+ {[%emt 0:00:01]} cxb3 {[%emt 0:00:01] Robert_III resigns} 0-1

[Event "U12 Blitz"]
[Site "austriaU12b"]
[Date "2020.12.11"]
[Round "4"]
[White "Blitzpotz"]
[Black "Uhtred08"]
[Result "0-1"]
[WhiteElo "1620"]
[BlackElo "1510"]
[Annotator "NA RC"]
[PlyCount "120"]
[EventDate "2020.12.11"]
[EventType "blitz"]

1. d4 {[%emt 0:00:05]} d5 {[%emt 0:00:02]} 2. Nc3 {[%emt 0:00:06]} Nf6 {[%emt 0:00:04]} 3. Bf4 {[%emt 0:00:05]} c5 {[%emt 0:00:05]} 4. dxc5 {[%emt 0:00:05]} e6 {[%emt 0:00:04]} 5. e4 {[%emt 0:00:02]} dxe4 {[%emt 0:00:18]} 6. Qxd8+ {[%emt 0:00:11]} Kxd8 {[%emt 0:00:05]} 7. O-O-O+ {[%emt 0:00:07]} Nbd7 {[%emt 0:00:09]} 8. Bb5 {[%emt 0:00:15]} Bxc5 {[%emt 0:00:16]} 9. Bxd7 {[%emt 0:00:11]} Bxd7 {[%emt 0:00:07]} 10. Bg5 {[%emt 0:00:05]} Ke7 {[%emt 0:00:02]} 11. Bxf6+ {[%emt 0:00:03]} gxf6 {[%emt 0:00:03]} 12. Nxe4 {[%emt 0:00:02]} Bb6 {[%emt 0:00:08]} 13. Nxf6 {[%emt 0:00:04]} Bc6 {[%emt 0:00:16]} 14. Nd5+ {[%emt 0:00:26]} Bxd5 {[%emt 0:00:07]} 15. Nf3 {[%emt 0:00:03]} Rhg8 {[%emt 0:00:08]} 16. Rhe1 {[%emt 0:00:13]} Bxf3 {[%emt 0:00:23]} 17. gxf3 {[%emt 0:00:04]} Bxf2 {[%emt 0:00:02]} 18. Re2 {[%emt 0:00:07]} Bb6 {[%emt 0:00:04]} 19. f4 {[%emt 0:00:20]} Rad8 {[%emt 0:00:04]} 20. Rde1 {[%emt 0:00:09]} Rg1 {[%emt 0:00:07]} 21. f5 {[%emt 0:00:09]} Rdg8 {[%emt 0:00:17]} 22. fxe6 {[%emt 0:00:15]} Rxe1+ {[%emt 0:00:07]} 23. Rxe1 {[%emt 0:00:03]} Rg1 {[%emt 0:00:07]} 24. Rxg1 {[%emt 0:00:04]} Bxg1 {[%emt 0:00:04]} 25. exf7 {[%emt 0:00:01]} Kxf7 {[%emt 0:00:02]} 26. h3 {[%emt 0:00:02]} h5 {[%emt 0:00:02]} 27. Kd1 {[%emt 0:00:02]} Kf6 {[%emt 0:00:02]} 28. Ke2 {[%emt 0:00:01]} Kg5 {[%emt 0:00:01]} 29. Kf3 {[%emt 0:00:08]} Bd4 {[%emt 0:00:10]} 30. c3 {[%emt 0:00:04]} Bf6 {[%emt 0:00:06]} 31. Kg3 {[%emt 0:00:09]} b5 {[%emt 0:00:11]} 32. a3 {[%emt 0:00:16]} h4+ {[%emt 0:00:14]} 33. Kg2 {[%emt 0:00:03]} Kf4 {[%emt 0:00:02]} 34. Kh2 {[%emt 0:00:02]} Kf3 {[%emt 0:00:02]} 35. b3 {[%emt 0:00:03]} a6 {[%emt 0:00:03]} 36. c4 {[%emt 0:00:02]} bxc4 {[%emt 0:00:02]} 37. bxc4 {[%emt 0:00:02]} Be7 {[%emt 0:00:01]} 38. a4 {[%emt 0:00:02]} Bc5 {[%emt 0:00:01]} 39. Kh1 {[%emt 0:00:03]} Bd4 {[%emt 0:00:07]} 40. a5 {[%emt 0:00:02]} Kg3 {[%emt 0:00:02]} 41. c5 {[%emt 0:00:04]} Kxh3 {[%emt 0:00:03]} 42. c6 {[%emt 0:00:02]} Be5 {[%emt 0:00:01]} 43. Kg1 {[%emt 0:00:03]} Bc7 {[%emt 0:00:01]} 44. Kh1 {[%emt 0:00:02]} Bxa5 {[%emt 0:00:01]} 45. Kg1 {[%emt 0:00:02]} Bc7 {[%emt 0:00:01]} 46. Kh1 {[%emt 0:00:02]} a5 {[%emt 0:00:01]} 47. Kg1 {[%emt 0:00:02]} a4 {[%emt 0:00:01]} 48. Kf2 {[%emt 0:00:01]} a3 {[%emt 0:00:01]} 49. Ke2 {[%emt 0:00:02]} a2 {[%emt 0:00:01]} 50. Kd2 {[%emt 0:00:02]} a1=Q {[%emt 0:00:02]} 51. Kd3 {[%emt 0:00:01]} Qa4 {[%emt 0:00:03]} 52. Ke3 {[%emt 0:00:01]} Kg4 {[%emt 0:00:03]} 53. Kf2 {[%emt 0:00:02]} Qa3 {[%emt 0:00:04]} 54. Ke2 {[%emt 0:00:03]} Kf4 {[%emt 0:00:02]} 55. Kd2 {[%emt 0:00:02]} Ke4 {[%emt 0:00:01]} 56. Kc2 {[%emt 0:00:01]} Kd4 {[%emt 0:00:01]} 57. Kd2 {[%emt 0:00:02]} Qa2+ {[%emt 0:00:01]} 58. Ke1 {[%emt 0:00:01]} Qg2 {[%emt 0:00:03]} 59. Kd1 {[%emt 0:00:01]} Kd3 {[%emt 0:00:01]} 60. Kc1 {[%emt 0:00:01]} Qc2# {[%emt 0:00:02] Mate Mate} 0-1

[Event "U12 Blitz"]
[Site "austriaU12b"]
[Date "2020.12.11"]
[Round "4"]
[White "Roehrer Moritz"]
[Black "BaurechtJunior"]
[Result "1-0"]
[WhiteElo "1620"]
[BlackElo "1591"]
[Annotator "NA RC"]
[PlyCount "53"]
[EventDate "2020.12.11"]
[EventType "blitz"]

1. e4 {[%emt 0:00:03]} c5 {[%emt 0:00:02]} 2. Nf3 {[%emt 0:00:02]} d6 {[%emt 0:00:01]} 3. d4 {[%emt 0:00:01]} cxd4 {[%emt 0:00:02]} 4. Nxd4 {[%emt 0:00:00]} Nf6 {[%emt 0:00:02]} 5. Nc3 {[%emt 0:00:01]} g6 {[%emt 0:00:01]} 6. f4 {[%emt 0:00:04]} Bg7 {[%emt 0:00:02]} 7. e5 {[%emt 0:00:01]} dxe5 {[%emt 0:00:02]} 8. fxe5 {[%emt 0:00:00]} Nfd7 {[%emt 0:00:12]} 9. e6 {[%emt 0:00:03]} fxe6 {[%emt 0:00:02]} 10. Nxe6 {[%emt 0:00:02]} Qa5 {[%emt 0:00:09]} 11. Nxg7+ {[%emt 0:00:06]} Kf7 {[%emt 0:00:02]} 12. Qd5+ {[%emt 0:00:11]} Qxd5 {[%emt 0:00:03]} 13. Nxd5 {[%emt 0:00:00]} Kxg7 {[%emt 0:00:02]} 14. Nc7 {[%emt 0:00:01]} Nc6 {[%emt 0:00:09]} 15. Nxa8 {[%emt 0:00:02]} b6 {[%emt 0:00:10]} 16. Nc7 {[%emt 0:00:03]} Bb7 {[%emt 0:00:05]} 17. Bd3 {[%emt 0:00:07]} Rf8 {[%emt 0:00:08]} 18. Bg5 {[%emt 0:00:06]} e5 {[%emt 0:00:06]} 19. Ne6+ {[%emt 0:00:04]} Kf7 {[%emt 0:00:04]} 20. Nxf8 {[%emt 0:00:02]} Kxf8 {[%emt 0:00:01]} 21. O-O+ {[%emt 0:00:02]} Kg7 {[%emt 0:00:02]} 22. Bc4 {[%emt 0:00:04]} Nc5 {[%emt 0:00:21]} 23. Rf7+ {[%emt 0:00:04]} Kh8 {[%emt 0:00:04]} 24. Bf6+ {[%emt 0:00:01]} Kg8 {[%emt 0:00:03]} 25. Rxb7+ {[%emt 0:00:04]} Kf8 {[%emt 0:00:07]} 26. Rxh7 {[%emt 0:00:09]} Ne4 {[%emt 0:00:19]} 27. Rh8# {[%emt 0:00:02] Mate Mate} 1-0

[Event "U12 Blitz"]
[Site "austriaU12b"]
[Date "2020.12.11"]
[Round "4"]
[White "Tobinator13"]
[Black "Maier Tobias"]
[Result "0-1"]
[WhiteElo "1620"]
[BlackElo "1405"]
[Annotator "NA RC"]
[PlyCount "44"]
[EventDate "2020.12.11"]
[EventType "blitz"]

1. e4 {[%emt 0:00:03]} e5 {[%emt 0:00:04]} 2. Nf3 {[%emt 0:00:02]} Nc6 {[%emt 0:00:01]} 3. Nc3 {[%emt 0:00:02]} Bc5 {[%emt 0:00:04]} 4. Bc4 {[%emt 0:00:05]} d6 {[%emt 0:00:05]} 5. Ng5 {[%emt 0:00:06]} Qxg5 {[%emt 0:00:08]} 6. O-O {[%emt 0:00:04]} Nd4 {[%emt 0:00:24]} 7. d3 {[%emt 0:00:11]} Qg6 {[%emt 0:00:03]} 8. Be3 {[%emt 0:00:06]} Bh3 {[%emt 0:00:05]} 9. g3 {[%emt 0:00:28]} Nf6 {[%emt 0:00:31]} 10. Re1 {[%emt 0:00:05]} Ng4 {[%emt 0:00:06]} 11. Bxd4 {[%emt 0:00:07]} Bxd4 {[%emt 0:00:03]} 12. Nb5 {[%emt 0:00:04]} Bxf2+ {[%emt 0:00:10]} 13. Kh1 {[%emt 0:00:05]} Bb6 {[%emt 0:00:30]} 14. d4 {[%emt 0:00:18]} Nf2+ {[%emt 0:00:03]} 15. Kg1 {[%emt 0:00:04]} Nxd1 {[%emt 0:00:02]} 16. Raxd1 {[%emt 0:00:03]} exd4 {[%emt 0:00:04]} 17. e5 {[%emt 0:00:09]} O-O {[%emt 0:00:16]} 18. exd6 {[%emt 0:00:06]} cxd6 {[%emt 0:00:04]} 19. Bd3 {[%emt 0:00:06]} Qf6 {[%emt 0:00:18]} 20. Bf1 {[%emt 0:00:11]} d3+ {[%emt 0:00:05]} 21. Kh1 {[%emt 0:00:09]} Qf3+ {[%emt 0:00:01]} 22. Bg2 {[%emt 0:00:11]} Bxg2# {[%emt 0:00:00] Mate Mate} 0-1